00609nam a2200169Ia 450000500170000000800410001704000190005804100120007708200160008910000220010524501690012726000380029630000240033450400500035865000210040885000100042920221028143153.0131103s9999 xx 000 0 und d aLoreto College aEnglish a954.02bPRA aPrasad,Ramchandra aEarly english travellers in Indiab a study in the travel literature of the Elizabethan and Jacobean periods with Particular references to India cRamchandra Prasad aDelhibMotilal Banarsi Dassc1965 axxii,392 p.b illus aIncludes bibliographical references and index aMedieval History aLCLIB